LEADER 01390nam a2200301 a 4500 001 000000159498 003 CaOOAMICUS 005 20170317145523.0 008 170317s2017 it u000 u ita r 020 $a978-8858206829* 032 $aLibriCat 040 $aPUL$bita 082 14$a343.45 100 1 $aIaselli, Michele.$0(OLS)http://pul/name/77114 245 10$aCome esercitare il diritto all?oblio in Internet :$ble procedure extragiudiziali, la tutela d'urgenza, il risarcimento danni /$cMichele Iaselli. 260 $aRoma :$bDike Giuridica Editrice,$c©2017. 300 $a170 p. ;$c24 cm. 490 1 $aDiritto in chiaro 650 4$aInternet$xDiritto e legislazione$zItalia.$0(OLS)http://pul/subject/35257 830 0$aDiritto in chiaro.$0(OLS)http://pul/title/199114 850 $aPUL 852 $aPUL$W1$xSL Diritto e Scienze Sociali 3$y79$m343. 45 IASMI 1$j182919$qDDC 21$B186125$CPULBib$Z2$F186125 $H129076 $82 941 1 $a9 996 $6020$a978-8858206829*$9(OLS)http://pul/number/162223 996 $6082$a343.45$9(OLS)http://pul/classification/467 996 $6245$aCome esercitare il diritto all?oblio in Internet :$ble procedure extragiudiziali, la tutela d'urgenza, il risarcimento danni$9(OLS)http://pul/title/199113 996 $6260$aRoma :$bDike Giuridica Editrice$9(OLS)http://pul/publisher/80046 LEADER 02100nam a2200385 u 4500 001 000000005104 003 CaOOAMICUS 005 20070226104726.0 008 941010s1965 it u000 u ita u 035 $a10134941 040 $aPUL(R)$bita 245 03$aLa Chiesa del Vaticano II :$bstudi e commenti intorno alla costituzione dommatica "Lumen gentium" /$copera collettiva diretta da Guilherme Baraśna. 250 $a3a ed. riv. e agg. 260 $aFirenze :$bVallecchi,$cc1965. 300 $axxiv, 1346 p. ;$c25 cm 490 1 $aI nuovi padri. Saggi sul cristianesimo del nostro tempo ;$vvol. speciale, 1 500 $aEd. ital. a cura di Samuele Olivieri O.F.M. 500 $aTit. orig.: A Ireja do Concilio Vaticano Segundo. 500 $aText of the "Constitutio dogmatica de Ecclesia" in Latin and Italian (p. [9]-107) 504 $aIncludes bibliographies. 611 24$aConcilium Vaticanum$n(2 :$d1962-1965)$tLumen gentium.$0(OLS)http://pul/subject/23276 650 04$aChiesa cattolica$xpastorale$xgiovani.$0(OLS)http://pul/subject/2596 650 0$aChurch.$2//eng$0(OLS)http://pul/subject/4479 700 1 $aBaraśna, Guilherme,$cO.F.M.,$d1929-$0(OLS)http://pul/name/2066 730 0 $aIgreja do Concilio vaticano segundo.$lLatino e italiano.$0(OLS)http://pul/title/7458 830 2$aI nuovi padri. Saggi sul cristianesimo del nostro tempo ;$vvol. speciale, 1.$0(OLS)http://pul/title/2847 850 $aPUL 852 $aPUL$W1$xSL Religione 1$y3$m30 I 17$j7141$nBK-PRI$b $qStampati$B7141$CPULBib$Z2$F7141 $H $81 852 $aPUL$W1$xDP1 Fondo Dalla Palma$y117$m3 F 28$j166568$qFondi$B195622$CPULBib$Z2$F195622 $HDal2205 $81 941 1 $a1 941 1 $a8 960 $aConcilium Vaticanum$n(2 :$d1962-1965)$tConstitutio dogmatica de Ecclesia$923276 960 $aLumen gentium$923276 996 $6245$aLa Chiesa del Vaticano II :$bstudi e commenti intorno alla costituzione dommatica "Lumen gentium"$9(OLS)http://pul/title/7457 996 $6260$aFirenze :$bVallecchi$9(OLS)http://pul/publisher/47977